International entrepreneurship in small and medium size enterprises orientation, environment and strategy

Salvato in:
Dettagli Bibliografici
Altri autori: Etemat, Hamid
Natura: Libro
Lingua:inglese
Pubblicazione: Cheltenham Edward Elgar 2004
Serie:<The> McGill international entrepreneurship series
Soggetti:
Tags: Aggiungi Tag
Nessun Tag, puoi essere il primo ad aggiungerne!!

MARC

LEADER 00000nam$a2200000$$$4500
001 0047242
005 20240104134403.3
020 |a 1-84376-194-7 
041 0 |a eng 
044 |a GB 
245 1 0 |a International entrepreneurship in small and medium size enterprises  |b orientation, environment and strategy  |c edited by Hamid Etemat 
264 1 |a Cheltenham  |b Edward Elgar  |c 2004 
300 |a xxi, 276 s. 
490 1 |a <The> McGill international entrepreneurship series 
830 0 |a <The> McGill international entrepreneurship series 
610 2 0 |a podnikanie medzinárodné 
610 2 0 |a podnik malý 
610 2 0 |a podnikanie malé 
610 2 0 |a podnikanie stredné 
610 2 0 |a podnik stredný 
610 2 0 |a riadenie podnikové 
610 2 0 |a plánovanie strategické 
610 2 0 |a internacionalizácia 
700 1 |a Etemat, Hamid